000 01951cam a2200565 i 4500
001 49231
003 KOSZ 005
005 20250628063604.0
008 250627s1995 pl a f 000 0 pol
015 _aUWD 1994/7557
020 _a8386210125
035 _a991000604489705066
035 _a(PL-WaBN)b1020300x-48omnis_nlop
035 _ab1020300x
035 _a(OCoLC)749248141
035 _a(PL)b0000001020300
035 _a(EXLNZ-48OMNIS_NETWORK)9910053939905606
040 _aWA N
_cWA N
_dKOSZ 005/RW
041 1 _apol
_heng
046 _k1990
080 _a658.14/.17
080 _a(075.8)
245 0 0 _aZarządzanie finansami przedsiębiorstwa /
_cVijay Jog, Cezary Suszyński.
260 _aWarszawa :
_bCentrum Informacji Menedżera,
_c1995.
300 _a[8], VII, 219 stron :
_bwykresy ;
_c29 cm.
336 _aTekst
_btxt
_2rdacontent
337 _aBez urządzenia pośredniczącego
_bn
_2rdamedia
338 _aWolumin
_bnc
_2rdacarrier
380 _aKsiążki
380 _aPublikacje dydaktyczne
380 _aPublikacje naukowe
385 _mPoziom nauczania
_aSzkoły wyższe
388 1 _a1901-2000
388 1 _a1989-2000
504 _aBibliografia na stronie 211.
546 _aTekst częściowo tłumaczony z języka angielskiego.
650 7 _aFinanse przedsiębiorstwa
_2DBN
650 7 _aPrzedsiębiorstwo
_2DBN
650 7 _aRachunek ekonomiczny
_2DBN
650 7 _aZarządzanie finansami
_2DBN
655 7 _aPodręczniki akademickie
_2DBN
658 _aGospodarka, ekonomia, finanse
658 _aZarządzanie i marketing
700 1 _aJog, Vijay
_d(1952- )
_eAutor
700 1 _aSuszyński, Cezary
_d(1953- )
_eAutor
710 2 _aCentrum Informacji Menedżera
_4pbl
856 _uhttps://koha.tu.koszalin.pl/cgi-bin/koha/opac-detail.pl?biblionumber=49231
_yKatalog online BPK
942 _2UKD
_cKS
999 _c49231
_d49231